| 000 | 02469cam a2200277 i 4500 | ||
|---|---|---|---|
| 001 | on1370903362 | ||
| 003 | OCoLC | ||
| 005 | 20251021165719.0 | ||
| 008 | 230221t20222021fr 000 f fre d | ||
| 020 | _a9782072977374 | ||
| 035 |
_a(OCoLC)1370903362 _z(OCoLC)1338132852 |
||
| 040 |
_aSMP _beng _erda _cSMP _dYDX _dOCLCF _dOCLCQ _dOCLCO _dOCLCL _dOCLCQ |
||
| 041 | _afre | ||
| 050 |
_aPQ2722.I43 _bE64 2021 |
||
| 100 |
_aVigan, Delphine de _eauthor _926236 |
||
| 245 | 1 | 4 |
_aLes enfants sont rois _c/ Delphine de Vigan. |
| 260 |
_aParis : _bGallimard, _c2022. |
||
| 300 |
_a363 pages ; _c18 cm. |
||
| 520 | 8 | _aLa première fois que Mélanie Claux et Clara Roussel se rencontrèrent, Mélanie s'étonna de l'autorité qui émanait d'une femme aussi petite et Clara remarqua les ongles de Mélanie, leur vernis rose à paillettes qui luisait dans l'obscurité. 'On dirait une enfant', pensa la première, 'elle ressemble à une poupée', songea la seconde. Même dans les drames les plus terribles, les apparences ont leur mot à dire.' À travers l'histoire de deux femmes aux destins contraires, Les enfants sont rois explore les dérives d'une époque où l'on ne vit que pour être vu. Des années Loft aux années 2030, marquées par le sacre des réseaux sociaux, Delphine de Vigan offre une plongée glaçante dans un monde où tout s'expose et se vend, jusqu'au bonheur familial | |
| 520 | 8 | _aThe first time Mélanie Claux and Clara Roussel met, Mélanie was struck by the authority radiating from such a small woman, while Clara noticed Mélanie’s nails—their pink glitter polish gleaming in the dark. “She looks like a child,” thought the former. “She looks like a doll,” thought the latter. Even in the most tragic of circumstances, appearances have their say. Through the story of two women whose fates stand in stark contrast, Children Are Kings explores the excesses of an era obsessed with visibility. From the days of reality TV to the 2030s—an age defined by the reign of social media—Delphine de Vigan delivers a chilling dive into a world where everything is displayed and sold, even family happiness. | |
| 650 | 0 |
_aInternet personalities _vFiction _926237 |
|
| 650 | 0 |
_aSocial networks _vFiction _926238 |
|
| 650 | 0 |
_aMissing children _vFiction _923688 |
|
| 758 |
_ihas work: _aLes enfants sont rois (Text) _1https://id.oclc.org/worldcat/entity/E39PCFVWF4xwrCtph448TrV3cP _4https://id.oclc.org/worldcat/ontology/hasWork. |
||
| 942 | _2lcc | ||
| 999 |
_c5071 _d5071 |
||